|
|
|
|
| LEADER |
00978cam a2200277 a 4500 |
| 001 |
c000230887 |
| 003 |
CARM |
| 005 |
20070315180634.0 |
| 008 |
910315s1990 xna b s000 0 eng d |
| 019 |
1 |
|
|a 7654220
|z 7941930
|5 LACONCORD2021
|
| 020 |
|
|
|a 0646042734 (not printed on item) :
|c price unknown
|
| 035 |
|
|
|a (OCoLC)25931977
|5 LACONCORD2021
|
| 040 |
|
|
|a ANB
|b eng
|c ANB
|d ANB
|
| 042 |
|
|
|a anuc
|
| 082 |
0 |
4 |
|a 631.372
|
| 100 |
1 |
|
|a Lund, Roger D.
|
| 245 |
1 |
0 |
|a Tractor fuel saving /
|c Roger D. Lund.
|
| 260 |
|
|
|a [Sydney] :
|b NSW Agriculture & Fisheries,
|c 1990.
|
| 300 |
|
|
|a 5 p. ;
|c 30 cm.
|
| 500 |
|
|
|a Agdex 762.
|
| 504 |
|
|
|a Bibliography: p. 5.
|
| 650 |
|
0 |
|a Tractors
|x Fuel consumption.
|
| 710 |
2 |
|
|a NSW Agriculture & Fisheries.
|
| 852 |
8 |
|
|b CARM
|h A1:AQ17F0
|i F01762
|p 0319322
|f BK
|
| 999 |
f |
f |
|i 9c036b44-d273-5753-abcd-87e51241776d
|s 127e5e45-803b-54b4-b82f-196d3e63b2b7
|
| 952 |
f |
f |
|p Can circulate
|a CAVAL
|b CAVAL
|c CAVAL
|d CARM 1 Store
|e F01762
|f A1:AQ17F0
|h Other scheme
|i book
|m 0319322
|